One billion customers : (Record no. 554468)
[ view plain ]
| 000 -LEADER | |
|---|---|
| fixed length control field | 00818cam a22002174a 4500 |
| 020 ## - INTERNATIONAL STANDARD BOOK NUMBER | |
| International Standard Book Number | 0743258398 (hc : alk. paper) |
| 082 00 - DEWEY DECIMAL CLASSIFICATION NUMBER | |
| Classification number | 658/.0490951 |
| 100 1# - MAIN ENTRY--PERSONAL NAME | |
| Personal name | McGregor, James, |
| Dates associated with a name | 1953- |
| 245 10 - TITLE STATEMENT | |
| Title | One billion customers : |
| Remainder of title | lessons from the front lines of doing business in China / |
| Statement of responsibility, etc. | James McGregor. |
| 260 ## - PUBLICATION, DISTRIBUTION, ETC. | |
| Place of publication, distribution, etc. | New York : |
| Name of publisher, distributor, etc. | Free Press, |
| Date of publication, distribution, etc. | c2005. |
| 300 ## - PHYSICAL DESCRIPTION | |
| Extent | xix, 312 p. : |
| Other physical details | maps ; |
| Dimensions | 24 cm. |
| 504 ## - BIBLIOGRAPHY, ETC. NOTE | |
| Bibliography, etc. note | Includes bibliographical references and index. |
| 650 #0 - SUBJECT ADDED ENTRY--TOPICAL TERM | |
| Topical term or geographic name entry element | Business enterprises, Foreign |
| 650 #0 - SUBJECT ADDED ENTRY--TOPICAL TERM | |
| Topical term or geographic name entry element | Investments, Foreign |
| 942 ## - ADDED ENTRY ELEMENTS (KOHA) | |
| Source of classification or shelving scheme | |
| Koha item type | Book |
| 440 #2 - SERIES STATEMENT/ADDED ENTRY--TITLE | |
| -- | 51968 |
| 650 #0 - SUBJECT ADDED ENTRY--TOPICAL TERM | |
| -- | 51969 |
| 650 #0 - SUBJECT ADDED ENTRY--TOPICAL TERM | |
| -- | 14053 |
| Withdrawn status | Lost status | Source of classification or shelving scheme | Damaged status | Not for loan | Permanent Location | Current Location | Shelving location | Date acquired | Source of acquisition | Total Checkouts | Full call number | Barcode | Date last seen | Date last checked out | Price effective from | Koha item type |
|---|---|---|---|---|---|---|---|---|---|---|---|---|---|---|---|---|
| Central Library (CL) | Central Library (CL) | Chinese Studies | 03/29/2021 | Multiline Books | 1 | 658/.0490951 MCG | CL-519 | 04/29/2021 | 04/26/2021 | 03/29/2021 | Book |
